000 00348 a2200157 4500
001 74610
020 _a9788538011514
040 _cAnchieta - Colégio São Paulo
100 _aFranklin, Gisleine C.
240 1 0 _aCadê o medo?
_lpor
245 1 0 _aCadê o medo?
300 _a16
362 0 _a2010
650 4 _aLiteratura infantil
942 _cBK
999 _c74610
_d74610